00933ngm a2200277 4500003000400000005001700004007000400021008004100025010002000066024002100086035002000107040001300127082001500140245008500155260002800240300005000268440003300318500014000351538005000491650001900541700001900560700002000579700002000599700001800619700001800637dpl20090319111227.0DVD||||||sp199 xxu|||||c ||| 00| 0 ng d  aDVD-001845-1847 aVENF 0096c49.00 aDVD-001845-1847 aDPLcDPL aDVD / WARR aWarriors of the Wasteland /cFabrizio De Angelis Presentsh[videorecording] DVD/ bMoserbaer Entertainment a1 videodisc VCD;bsd., col. ;c4 3/4 in.fVCD aMoserbaer Home Entertainment aMoserbaer India Ltd. has obtained the necessary licence/conssent from the owner of the copyright in the wroks for making this DVD Film. aDolby Digital 5.1 -English Subtitles: English aMotion Picture aBrent, Timothy aWiliamson, Fred aEastman, George aKanakis, Anna aMoore, Thomas